| 000 | 00000nam##2200000za#4500 |
| 001 | 9.695225 |
| 003 | CaOODSP |
| 005 | 20240209132436 |
| 007 | cr ||||||||||| |
| 008 | 150407|1999||||xxc|||||o f|0| 0 eng|d |
| 040 | |aCaOODSP|beng |
| 043 | |an-cn--- |
| 086 | 1 |aC89-4/72-1999E-PDF |
| 110 | 2 |aAtlantic Canada Opportunities Agency. |
| 245 | 10|aSources of SME business debt financing in Atlantic Canada / |h[electronic resource]|cby Theresa Shutt and Pierre Vanasse ; [issued by] the Conference Board of Canada. |
| 260 | |aOttawa - Ontario : |bAtlantic Canada Opportunities Agency |cMarch 1999. |
| 300 | |a38p.|bgraphs, references, tables |
| 590 | |a11-29-Supp|b2011-11-25 |
| 690 | 07|aSmall businesses|2gcpds |
| 690 | 07|aDebt|2gcpds |
| 690 | 07|aMortgage loans|2gcpds |
| 690 | 07|aBusiness loans|2gcpds |
| 710 | 2 |aConference Board of Canada. |
| 720 | 1 |aShutt, Theresa |
| 720 | 1 |aVanasse, Pierre |
| 775 | 08|tSources du financement par emprunt des petites et moyennes entreprises de la région de l'Atlantique / |w(CaOODSP)9.639371 |
| 776 | 0#|tSources of SME business debt financing in Atlantic Canada / |w(CaOODSP)9.647853 |
| 856 | 40|ahttp://publications.gc.ca|qPDF|s102 KB|uhttps://publications.gc.ca/collections/Collection/C89-4-72-1999E.pdf |